000 00629nam a2200229Ia 4500
003 OSt
005 20221007071733.0
006 a|||||r|||| 00| 0
007 ta
008 221006b |||||||| |||| 00| 0 eng d
024 _a18,171
037 _cTextual
040 _aFLL
_cFLL
_beng
041 _2eng
_aeng
082 _aY73(W).1.N7, L6
100 _aGlazer Nathan Ed.
_9116121
245 0 _aEthnicity theory and experience
260 _aLondon
_bHarvard University Press England
_c1976
300 _a531p
_ccm.
942 _hY73(W).1.N7, L6
_cTEXL
_2CC
999 _c1144116
_d1144116